000 00761nam a2200217Ia 4500
999 _c29478
_d29478
005 20240530102045.0
008 140319s9999 xx 000 0 ara d
017 _bمصر. دار الكتب
040 _aGCL /
_cGCL
082 0 4 _a301.154
_bى د
_221
100 1 _aيانلكوفيتش، دانييل
245 1 0 _aالديقراطية وقرار الجماهير :
_bكيف تنجح الديمقراطية فى عالم اكثر تعقيدا /
_cيانلكوفيتش، دانييل
260 _c1993
300 _a366 ص
650 0 4 _aالديمقراطية
_2qrmak
650 0 4 _aوسائل الاعلام
_2qrmak
650 0 4 _aالراى العام
_2qrmak
650 0 4 _aقياس الرأى العام
_2qrmak
651 _2qrmak
942 _2ddc
_cBK